000 00648nam a22001937a 4500
999 _c164674
_d164674
005 20190524115414.0
010 _aUR-10150
020 _c250.00
_a9789387829732
035 _aU-8705
037 _bDBAD/PUB
082 _a840
100 _aمنتظر مہد ی
245 _aا د بی تحر ير يں
_cمنتظر مہد ی
246 _b‏Adabi Tehriren (Urdu)
_abyDr.Muntazir Mehdi
260 _a Delhi
_bEducational Publishing House
_c2018 ء
270 _a3191،Vakil Street,Kucha Pandit,Lal Kuan,
_bDelhi
_e110006
_k23216162
_l00911123211540
300 _a227ص
_c22 Cm.(bk)
942 _2ddc
_cUR
_h840
_mم ن ت